| 000 | 00435nam a2200181Ia 4500 | ||
|---|---|---|---|
| 001 | 7585 | ||
| 005 | 20260306160506.0 | ||
| 008 | 260306t2020||||xx |||||||||||||| ||spa|| | ||
| 041 | _aESP | ||
| 082 |
_a352 _bH22 |
||
| 100 |
_aHarguindéguy, Jean-Baptiste, _eAUT |
||
| 245 | 0 | _aAnálisis de políticas públicas | |
| 260 | _c2020 | ||
| 300 |
_a299 páginas : _c24 cm. |
||
| 650 | _aGEN | ||
| 654 | _aCAN | ||
| 942 |
_cLIB _dJUS _fJUS _2ddc _n |
||
| 999 |
_c7585 _d7585 |
||